00518nam a22001577a 4500003000400000005001700004008004100021020001500062040002900077050003000106100002100136245007900157260008200236300000900318650003300327OSt20240722164516.0240722b |||||||| |||| 00| 0 eng d a9966949542 cChuka University Library aHC 865b.A1K56 no.30 2003 aNafula, Nancy N. aBank portfolios and bank earnings in Kenya: An econometric analysisbno.30 aNairobi, KenyabKenya Institute for Public Policy Research and Analysisc2003 a22p. a1. Bank investiments---Kenya